000 00685nam a22002537a 4500
001 74405
003 UA-OsUOA
005 20201016114734.0
007 ta
008 20110411b un ||||| |||| 00| 0 ukr d
020 _a9665746545
040 _aUA-OsUOA
_bukr
_cUA-OsUOA
_dUA-OsUOA
041 _aukr
080 _a336.221.4
090 _a336.221.4
_bЗ-81
100 _aЗолотько І. А.
245 _aПодаткова система
_bнавч. посіб.
260 _aК.
_bКНЕУ
_c2005
300 _a204 с.
650 7 _a336 Фінанси
_2UDC
942 _cBK
_2udc
955 _a2
999 _c360695
_d360695